000
00343nam a22001217a 4500
040
_c
RUA
082
_a
A285 ឌុំ 2019 C160 Or.1
100
_a
ឌុំ ដាវុយ,
245
_a
Eisenhower, អេសេនហៅវឺរ៍
260
_a
PHNOM PENH
_b
RUA
_c
2019
300
_a
207p.
_b
ill.
_c
29cm.
942
_c
អភិវឌ្ឍន៍
999
_c
25678
_d
25678